00505nam a2200169Ia 4500008004100000020001400041040001900055041001200074082002800086100001300114245004800127260004000175300003100215504005000246650002900296850001000325131103s9999 xx 000 0 und d a210226900 aLoreto College aEnglish a954.02/SARbLCLIB/22541 aSaran,P. 4aThe provincial govt of the mughalscP.Saran aBombaybAsia Publishing Housec1973 axxxi,464 p.b mapc 22 cm. aIncludes index and bibliographical references aHistory - Medieval India aLCLIB